000 00301nam a2200157Ia 4500
100 _aArcher/Jeffrey
650 _aFiction
942 _cBK
366 _f20
245 _aPaths of Glory
260 _bPan Books
_c2009
082 _a808.3
_bARC
300 _a466
546 _aENGLISH
999 _c26536
_d26536